La estratificación social en Chile hacia fines del siglo XX /
Gorde:
| Egile nagusia: | |
|---|---|
| Beste egile batzuk: | |
| Formatua: | Texto |
| Etiketak: |
Etiketa erantsi
Etiketarik gabe, Izan zaitez lehena erregistro honi etiketa jartzen!
|
MARC
| LEADER | 00000 a a2200000 04500 | ||
|---|---|---|---|
| 001 | 47252 | ||
| 003 | |||
| 040 | |||
| 100 | |a León, Arturo | ||
| 245 | |a La estratificación social en Chile hacia fines del siglo XX / |c Arturo León y Javier Martínez | ||
| 700 | |a Martínez, Javier | ||
| 773 | |g páginas 303-337 : tablas | ||
| 999 | |c 33866 |d 33866 | ||
